LEADER 01522nam a2200277 i 4500 001 000000231957 003 CaOOAMICUS 005 20200428111815.0 008 140814s1768 it u000 u lat u 013 $a210860 026 $am.go l.n- s.V. (d(B (3) 1768 (R) 040 $aSeMil$bita 245 10$aPars 1. 300 $aXXVIII, 282 p., [5] carte di tav., di cui 2 ripieg. :$bill., ritr., facs. 500 $aSegn.: a4 b-f2 A-B2 C4 D2 E-2N4 2O2 chi1. - La chi1 contiene l'Index 500 $aAlcune iniziali calcogr. 500 $aA c. A1r testata calcogr. disegnata e incisa dagli stessi Luigi e Giovanni Battista Betti 500 $aRitr. calcogr. dell'A. e di Vittorio Amedeo III di Savoia incisi da Giovanni Battista Betti su disegni di Luigi Betti 700 1 $aBetti, Giovanni Battista .$0(OLS)http://semarc/name/79735 700 1 $aAtto : Vercellensis.$0(OLS)http://semarc/name/13933 700 1 $aBetti, Luigi .$0(OLS)http://semarc/name/79736 773 0 $aAtto : Vercellensis$tAttonis sanctae Vercellarum ecclesiae episcopi Opera ad autographi Vercellensis fidem nunc primum exacta. Praefatione, et commentariis illustrata a d. Carolo Burontio del Signore ... ejusdemque editoris cura emendatissima. Pars 1. [-2.].$dVercellis : Ex Typographia Joseph Panialis, 1768.$g1$w()30337 850 $aSeMil 852 $aSeMil$W1$xVenegono$y1$m2W VI 14 FA$j182303$B182303$CSeMilBibl$Z2$F193328 $8I 996 $6245$aPars 1$9(OLS)http://semarc/title/55907 LEADER 01230nam a2200301 i 4500 001 000000114276 003 CaOOAMICUS 005 20100215000000.0 008 100215s1989 it u000 u ita u 013 $a86962 020 $a88-04-30795-1 040 $aSeMil$bita 100 1 $aNoja Noseda, Sergio,$d<1931-2008>.$0(OLS)http://semarc/name/813 245 12$aL'Islàm e il suo Corano /$cSergio Noja. 260 $aMilano :$bMondadori,$c1988 (stampa 1989) 300 $aVII, 219 p. :$bill. ;$c19 cm. 490 0 $aUomini e religioni ;$v32 500 $aSeguono [2] Appendici. - Fondo Card. C.M. Martini. 650 4$aCorano - Commentari, studi, critica e Interpretazione.$0(OLS)http://semarc/subject/44722 650 4$aIslamismo.$0(OLS)http://semarc/subject/776 830 0$aUomini e religioni ;$v32.$0(OLS)http://semarc/title/8364 850 $aSeMil 852 $aSeMil$W1$xVenegono$y1$m2X I 455$j69858$B69858$CSeMilBibl$Z2$F78003 $81 941 1 $a4 961 $aOmaggio: Martini Card. Carlo Maria 996 $6020$a88-04-30795-1$9(OLS)http://semarc/number/97508 996 $6245$aL'Islàm e il suo Corano$9(OLS)http://semarc/title/166977 996 $6260$aMilano :$bMondadori$9(OLS)http://semarc/publisher/30335